The world of a wayward comic book artist : (Record no. 16705)
[ view plain ]
| 000 -LEADER | |
|---|---|
| fixed length control field | 01159cam a2200253 a 4500 |
| 001 - CONTROL NUMBER | |
| control field | 16044225 |
| 005 - DATE AND TIME OF LATEST TRANSACTION | |
| control field | 20161116124624.0 |
| 008 - FIXED-LENGTH DATA ELEMENTS--GENERAL INFORMATION | |
| fixed length control field | 100107s2010 ohu 000 0 eng |
| 010 ## - LIBRARY OF CONGRESS CONTROL NUMBER | |
| LC control number | 2010000613 |
| 020 ## - INTERNATIONAL STANDARD BOOK NUMBER | |
| International Standard Book Number | 9780804011242 (hc : alk. paper) |
| 020 ## - INTERNATIONAL STANDARD BOOK NUMBER | |
| International Standard Book Number | 9780804011259 (pb : alk. paper) |
| 040 ## - CATALOGING SOURCE | |
| Original cataloging agency | DLC |
| Transcribing agency | DLC |
| Modifying agency | DLC |
| 050 00 - LIBRARY OF CONGRESS CALL NUMBER | |
| Classification number | NC1429.P5959 |
| Item number | A35 2010 |
| 082 00 - DEWEY DECIMAL CLASSIFICATION NUMBER | |
| Classification number | 741.5/973 |
| Edition number | 22 |
| 100 1# - MAIN ENTRY--PERSONAL NAME | |
| Personal name | Plunkett, Sandy, |
| Dates associated with a name | 1955- |
| 245 14 - TITLE STATEMENT | |
| Title | The world of a wayward comic book artist : |
| Remainder of title | the private sketchbooks of S. Plunkett / |
| Statement of responsibility, etc. | Sandy Plunkett ; foreword by Michael Wm Kaluta. |
| 246 30 - VARYING FORM OF TITLE | |
| Title proper/short title | Private sketchbooks of S. Plunkett |
| 260 ## - PUBLICATION, DISTRIBUTION, ETC. (IMPRINT) | |
| Place of publication, distribution, etc. | Athens, Ohio : |
| Name of publisher, distributor, etc. | Swallow Press, |
| Date of publication, distribution, etc. | 2010. |
| 300 ## - PHYSICAL DESCRIPTION | |
| Extent | xv, 213 p. : |
| Other physical details | ill.; |
| Dimensions | 26 cm. |
| 600 10 - SUBJECT ADDED ENTRY--PERSONAL NAME | |
| Personal name | Plunkett, Sandy, |
| Dates associated with a name | 1955- |
| Form subdivision | Notebooks, sketchbooks, etc. |
| 906 ## - LOCAL DATA ELEMENT F, LDF (RLIN) | |
| a | 7 |
| b | cbc |
| c | orignew |
| d | 1 |
| e | ecip |
| f | 20 |
| g | y-gencatlg |
| 942 ## - ADDED ENTRY ELEMENTS (KOHA) | |
| Source of classification or shelving scheme | |
| Koha item type | Hard Covered Materials |
| Classification part | NC1429.P5959 A35 2010 |
| Withdrawn status | Lost status | Source of classification or shelving scheme | Damaged status | Not for loan | Home library | Current library | Shelving location | Date acquired | Source of acquisition | Total Checkouts | Full call number | Barcode | Date last seen | Price effective from | Koha item type |
|---|---|---|---|---|---|---|---|---|---|---|---|---|---|---|---|
| MACHAKOS UNIVERSITY LIBRARY | MACHAKOS UNIVERSITY LIBRARY | Technical section | 16/11/2016 | Donation (BFA) | NC1429.P5959 A35 2010 | 27890 | 20/06/2018 | 16/11/2016 | Hard Covered Materials |